000 00830nam a2200241Ia 4500
003 GCL
008 140319s9999 xx 000 0 ara d
020 _a9952101977
040 _aGCL /
_cGCL
082 0 4 _aق
_b923.5
_bم م
100 1 _aمحمد الجوادى
245 1 0 _aمذكرات الضباط فى غير الحرب :
_bعسكرة الحياة المدنية /
_cمحمد الجوادى
260 _aالقاهرة :
_bالهيئة المصرية العامة للكتاب ،
_c2005
300 _a528 ص ؛
_c24 سم
650 0 4 _aالتراجم الذاتية
650 0 4 _aالعسكريون المصريون
650 0 4 _aسمير فاضل
650 0 4 _aحلمى السعيد
650 0 4 _aاحمد طعيمة
650 0 4 _aمصطفى بهجت بدوى
650 0 4 _aرياض سامى
942 _2ddc
_cBK
999 _c8718
_d8718